Coupe du Monde 2022 - Liste Belgique - Statistiques

Statistiques générales
  • Ce quiz a été pris 671 fois
  • Le résultat moyen est 20 sur 27
Statistiques - réponses
Position Team Réponse % Correct
G Réal Madrid Thibault Courtois
99%
M Manchester City Kévin De Bruyne
96%
A Réal Madrid Eden Hazard
94%
A Inter Milan Romelu Lukaku
94%
A Dortmund Thorgen Hazard
94%
A RC Lens Loïs Openda
83%
A Rennes Jérémy Doku
82%
M Atlético Madrid Axel Witsel
81%
G Bruges Simon Mignolet
80%
D Dortmund Thomas Meunier
79%
A Atlético Madrid Yannick Ferreira Carrasco
78%
M Leicester Youri Tielemans
77%
D Anderlecht Jan Vertonghen
75%
G Wolfsburg Koen Casteels
74%
D Rennes Arthur Theate
71%
Coach Roberto Martinez
70%
D Anvers Toby Alderweireld
69%
D Leicester Timothy Castagne
68%
M Everton Amadou Onana
67%
A Brighton Leandro Trossard
67%
A Galatasaray Dries Mertens
66%
D Leicester Wout Faes
64%
A Fenerbahçe Michy Batshuayi
63%
M Bruges Hans Vanaken
56%
A AC Milan Charles De Ketelaere
50%
D Aston Villa Leander Dendoncker
42%
D Anderlecht Zeno Debast
38%
Aucun quiz correspondant
Distribution des résultats
% des personnes avec chaque résultat
Percentile par nombre de réponses
Votre historique - résultats
Vous n’avez pas pris ce quiz